Waves Berkeley Physics Course (Record no. 318797)
[ view plain ]
| 000 -LEADER | |
|---|---|
| fixed length control field | 00451nam a2200169Ia 4500 |
| 008 - FIXED-LENGTH DATA ELEMENTS--GENERAL INFORMATION | |
| fixed length control field | 230718s9999 xx 000 0 und d |
| 041 ## - LANGUAGE CODE | |
| Language code of text/sound track or separate title | eng |
| 082 ## - DEWEY DECIMAL CLASSIFICATION NUMBER | |
| Classification number | 531.113 |
| Item number | CRA |
| 100 ## - MAIN ENTRY--PERSONAL NAME | |
| Personal name | Crawfard F. S. |
| 9 (RLIN) | 166846 |
| 245 ## - TITLE STATEMENT | |
| Title | Waves Berkeley Physics Course |
| 260 ## - PUBLICATION, DISTRIBUTION, ETC. (IMPRINT) | |
| Name of publisher, distributor, etc. | Tata Mc-graw Hill Pub. |
| 300 ## - PHYSICAL DESCRIPTION | |
| Accompanying material [OBSOLETE, CAN/MARC] | Ref 325 G (30004) |
| 365 ## - TRADE PRICE | |
| Currency code | Rs. |
| Price amount | 350.00 |
| 500 ## - GENERAL NOTE | |
| Keywords | 325 GEN |
| 700 ## - ADDED ENTRY--PERSONAL NAME | |
| Personal name | Crawfard F. S. |
| 9 (RLIN) | 166846 |
| 906 ## - LOCAL DATA ELEMENT F, LDF (RLIN) | |
| d | B:467303-Jun-2008 |
| c | PHY |
| b | 70 |
| Withdrawn status | Lost status | Source of classification or shelving scheme | Reference No | Damaged status | Not for loan | Home library | Current library | Date acquired | Vendor | Budget Code | Cost, normal purchase price | Bill number | Full call number | Barcode | Date last seen | Discount | Cost, replacement price | Bill Date | Koha item type | Original Barcode |
|---|---|---|---|---|---|---|---|---|---|---|---|---|---|---|---|---|---|---|---|---|
| Dewey Decimal Classification | Ref 325 G (30004) | Reference | Cummins College of Engineering for Women Pune | Cummins College of Engineering for Women Pune | 24/06/2008 | Tbs | PHY | 280.00 | 4673 | 531.113 | CCEP-BK-30004 | 18/07/2023 | 70 | 350.00 | 03/06/2008 | Books | 030004 |